Регионална библиотека "Любен Каравелов" - Русе

Петата жена (Запис номер 87142)

MARC детайли
000 -Лидер
Контролно поле с фиксирана дължина 01453nam a2200373 c 4500
003 - Код на организацията, давaща контролен номер
Контролно поле BLK
005 - Дата и час на последна редакция
Контролно поле 20230615092003.0
008 - Елементи от данни с фиксирана дължина
fixed length control field 180408b bul|||||r ||||||| ||bul||
010 ## - Наследен системен номер
LC control number KNG00091772000
020 ## - Международен стандартен номер на книга ISBN
Международен стандартен номер на книга ISBN 978-954-330-228-4
-- издат.: Унискорп
040 ## - Източник на каталожния запис
Идентификатор на билиотеката - собственик на записа BLK
041 ## - Код за език
Код за езика на текст/звукозапис или на отделно заглавие Български
Код за езика КДБФ Български
072 #7 - Код за тематичната категория
Код организация bullib
Код за тематична категория Н83
Текст Чужда художествена литература Н
080 ## - УДК
Текстов определител УДК Шведска литература
УДК код - определител по УДК 821.113.6
УДК определител -312.4
УДК - код + определител 821.113.6-312.4
100 1# - Редна дума - Автор
Автор Манкел, Хенинг
Авторска отговорност първи автор
R(LIN) 92080
139 ## - Редно поле
Редна дума Манкел, Хенинг
Авторски знак Мани - М 26
245 10 - Сведения за заглавието
Заглавие Петата жена
Подзаглавни данни Евротрилър
Редно поле (дума) Хенинг Манкел; прев. от швед. Меглена Боденска.
257 ## - Страна на издаване
Страна на създаване/издаване Швеция
260 ## - Област на издателските данни
-- София
Име на издателя, разпространителя и проч. Унискорп
Година на издаване 2009
300 ## - Физическа характеристика
Страници 608 с.
Размери/Мащаб 20 см
380 ## - Жанр
Жанр Худож. лит.
490 1# - СЕРИИ (Колекции)
Име на серия Поредица Четиво на един дъх
500 ## - Общи забележки
Забележка Ориг. загл. Den femte kvinnan / Henning Mankell. - Офс. изд. - Съдържа и за авт.
653 ## - Ключова дума – ненормативна
Ключова дума крими
653 ## - Ключова дума – ненормативна
Ключова дума романи
659 ## - Тематичен бюлетин
Тематичен бюлетин Н
700 1# - Други автори (авторска отговорност)
Лично име Боденска, Меглена
Автороска отговорност (Описва отношението между автора и произведението) прев. от швед.
9 (RLIN) 40248
852 ## - Местоположение
Форматна сигнатура Цб 245525
856 4# - Електронен адрес и достъп
Електронен формат pdf - файл
Път до файла /url/
856 4# - Електронен адрес и достъп
Електронен формат pdf - файл
Път до файла /url/
942 ## - АРТИКУЛИ
Вид на библиотечния материал Книги
Скрит в OPAC Не
Koha issues (borrowed), all copies 21
944 ## - СЪЗДАВАНЕ И РЕДАКЦИЯ на ЗАПИСА
Създаване/Редакция Създаване
Дата на регистрацията/редакция 01.10.2009
Статус, дата на статуса ф /
Служител, извършил регистрацията/редакцията Милена_Ачева
944 ## - СЪЗДАВАНЕ И РЕДАКЦИЯ на ЗАПИСА
Създаване/Редакция Редакция
Дата на регистрацията/редакция 15.11.2016
Статус, дата на статуса ф /
Служител, извършил регистрацията/редакцията Людмила_Стоянова
999 ## - СИСТЕМНИ КОНТРОЛНИ НОМЕРА
Koha biblionumber 87142
Koha biblioitemnumber 87142
Наличности
Код за отписване Код за изгубен артикул Код за повреда Коз за рестрикции Код за отдаване Артикулен № Име на библиотеката - собственик Име на библиотеката, в която се намира в момента Статус (Текущо местоположение) Дата на вписване в системата Местоположение - отдел Цена в лева Инвентарен номер Систематично азбучна сигнатура Баркод Номер на екземпляра Цена в евро Служебна бележка Служебен тип на артикула Източник на класификационната схема
Изтеглен Не е изгубен Не е повреден без рестрикции заемане за дома 141199 Регионална библиотека "Любен Каравелов" Русе Регионална библиотека "Любен Каравелов" Русе Заемна - подръчен фонд 2009-10-01 Заемна - подръчен фонд 20.00 120000738762 П 839-31/М 26 120000738762 1 10.23 Дост: Pk Вид: Ф N: 54 Дата: 01.10.2009 Дата инв: 12.02.2018 Бележки инв: П2018 Книги  
  Не е изгубен Не е повреден без рестрикции ползва се в читалня 141200 Регионална библиотека "Любен Каравелов" Русе Регионална библиотека "Любен Каравелов" Русе Хранилище 2011-08-16 Хранилище 20.00 120000752268 Цб 245525 120000752268 2 10.23 Дост: Dp Вид: Д N: 6 Дата: 07.02.2011 Книги  
  Не е изгубен Не е повреден без рестрикции заемане за дома 141201 Регионална библиотека "Любен Каравелов" Русе Регионална библиотека "Любен Каравелов" Русе Заемна - подръчен фонд 2016-11-10 Заемна - подръчен фонд 20.00 120000805575 П 839-31/М 26 120000805575 3 10.23 Дост: DA Вид: А N: 41 Дата: 10.11.2016 Дата инв: 24.02.2018 Бележки инв: П2018 Книги Universal Decimal Classification
Vip Innovations Ltd, Rousse, Bulgaria 2025